01510nam a2200349Ia 4500001001200000003000800012006001900020007001500039008004100054010001700095020001800112040002100130035002100151050002700172100002500199245009400224260004300318300001700361490003900378504005100417533015200468610006300620650005600683650007600739650005600815651005500871655002900926710001700955830004700972856012601019999001501145ebr10276589CaPaEBRm u cr cn|||||||||081020s2009 vtu sb 001 0 eng d z 2008043880 z9780754666592 aCaPaEBRcCaPaEBR a(OCoLC)64679793314aJC573.2.G7bD67 2009eb1 aDorey, Peter,d1959-10aBritish conservatism and trade unionism, 1945-1964h[electronic resource] /cPeter Dorey. aBurlington, VT :bAshgate Pub.,c2009. a[xi], 200 p.1 aModern economic and social history aIncludes bibliographical references and index. aElectronic reproduction.bPalo Alto, Calif. :cebrary,d2011.nAvailable via World Wide Web.nAccess may be limited to ebrary affiliated libraries.20aConservative Party (Great Britain)xHistoryy20th century. 0aConservatismzGreat BritainxHistoryy20th century. 0aLabor unionsxPolitical activityzGreat BritainxHistoryy20th century. 0aLabor policyzGreat BritainxHistoryy20th century. 0aGreat BritainxPolitics and governmenty1945-1964. 7aElectronic books.2local2 aebrary, Inc. 0aModern economic and social history series.40uhttp://site.ebrary.com/lib/rucke/Doc?id=10276589zAn electronic book accessible through the World Wide Web; click to view c5487d5487